000 01190cam a2200361 a 4500
999 _c534941
_d534941
001 12952698
003 NUST
005 20200820163339.0
008 020822s2002 ii b 001 0 eng
010 _a 2002302162
020 _a8175541725
025 _aI-E-2002-302162; 95-01
035 _a(DLC) 2002302162
037 _bLibrary of Congress -- New Delhi Overseas Office
_cRs1295.00
038 _aArshad
040 _aDLC
_cDLC
_dDLC
042 _alcode
050 0 0 _aLC5800
_b.T696 2002
082 0 0 _a371.35
_bTOW
245 0 0 _aTowards virtualization :
_bopen and distance learning /
_ceditors, V. Venugopal Reddy, Manjulika S.
260 _aNew Delhi :
_bKogan Page India,
_c2002.
300 _axxii, 704 p. ;
_c25 cm.
504 _aIncludes bibliographical references and index.
520 _aContributed articles.
650 0 _aDistance education.
_929370
650 0 _aOpen learning.
_929371
650 0 _aInformation technology
_xSocial aspects.
_911375
700 1 _aVenugopal Reddy, V.
_929372
700 1 _aManjulika, S.
_929373
906 _a7
_bcbc
_corigode
_d3
_encip
_f20
_gy-gencatlg
942 _2ddc
_cBK